How to make money with your blog : The ultimate reference guide for building, optimizing, and monetizing your blog

Presents methods and opportunities for maximizing a blog's earning potential through profitable advertising networks, affiliate programs, payment services, and other income-generating systems.

Zapisane w:
Opis bibliograficzny
1. autor: Forrester, Duane
Format: Książka
Język:Undetermined
Wydane: New York McGraw Hill 2008
Hasła przedmiotowe:
Etykiety: Dodaj etykietę
Nie ma etykietki, Dołącz pierwszą etykiete!
Thư viện lưu trữ: Trung tâm Học liệu Trường Đại học Cần Thơ
LEADER 00820nam a2200205Ia 4500
001 CTU_186984
008 210402s9999 xx 000 0 und d
082 |a 006.752 
082 |b F728 
100 |a Forrester, Duane 
245 0 |a How to make money with your blog : 
245 4 |b The ultimate reference guide for building, optimizing, and monetizing your blog 
245 0 |c Duane Forrester, Gavin Powell 
260 |a New York 
260 |b McGraw Hill 
260 |c 2008 
520 |a Presents methods and opportunities for maximizing a blog's earning potential through profitable advertising networks, affiliate programs, payment services, and other income-generating systems. 
650 |a Internet marketing,Tiếp thị internet 
904 |i Giang 
980 |a Trung tâm Học liệu Trường Đại học Cần Thơ